00470nam a2200193 a 4500001001300000003000900013005001700022008004100039020001000080082001600090100001800106245002200124260002900146300000900175500003500184505001700219650002200236700001800258nice12345678IN_TiNIC20260116012343.0050524s0000 agra grp 000 0 urd  ac10000a297.63bANW aAnwarul Haq,  aTazkiratul Habeeb aAgrabAzeezi Pressc0000 a138p aincludes index and biblioraphy2 aPart 1 and 2 aMuhammad, Prophet1 aAnwarul Haq,